1082 1063 1777 1337 1856 1623 1960 1429 1684 1152 1560 1575 1676 1079 1644 1002 1002 1360 1997 1807 1341 1409 1310 1776 1133 1543 1265 1479 1078 1470 1323 1448 1539 1106 1505 1388 1341 1147 1636 1647 1852 1462 1308 1058 1498 1108 1001 1148 1365 1077 1166 1716 1262 1160 1786 1667 1998 1755 1068 1692 1342 1388 1357 1885 1791 1593 1427 1466 1171 1587 1433 1596 1381 1736 1163 1016 1228 1849 1942 1308 1695 1690 1209 1811 1782 1338 1651 1646 1284 1483 1809 1953 1904 1623 1535 1578 1831 1351 1423 BCNSPRNW ULIB Ver.6.0+V

เปลี่ยนเป็นภาษาไทย

Change to English
 แสดงรายละเอียดบรรณานุกรม
  กลับหน้าหลัก

Brief Record : Get Marc (ISO 2709) : E-mail record : QR code < ปิดหน้าต่าง
LEADER : 00000nam 2200000uu 4500
001    13399112756
003     ULIB
008    110908s2548||||th 000 0 tha d
020    9749940970
050 04 LB1027^bพ719ก 2548
100 0  พิมพันธ์ เดชะคุปต์
245 10 การสอนคิดด้วยโครงงาน /^cโดย พิมพันธ์ เดชะคุปต์, พเยาว์ ยินดีสุข,ราเชน มีศรี
250    พิมพ์ครั้งที่ 2
260    กรุงเทพฯ :^bโรงพิมพ์แห่งจุฬาลงกรณ์มหาวิทยาลัย,^c2548
300    161 หน้า :^bภาพประกอบ ;^c21 ซม
505 0  ทักษะการคิดและกระบวนการคิด -- ทักษะการอ่านและทักษะการเขียน --การพัฒนาการคิดด้วยการทำโครงงาน : ตัวอย่างกิจกรรมฝึกการทำโครงงานและพัฒนาการคิด ; ตัวอย่างโครงงานประเภทต่างๆ ตามกลุ่มสาระการเรียนรู้ -- การพัฒนาโครงการเพื่อเสนอขอทำโครงงาน -- การเขียนรายงานการทำโครงงาน -- การนำเสนอโครงงานด้วยวาจา -- การประเมินผลการทำโครงงาน -- ภาคผนวก: โครงงาน ข้อบกพร่องที่รอการแก้ไข ; งานวิจัยเกี่ยวกับการคิดและการทำโครงงาน ; การตั้งปัญหาโครงงานจากผลการสังเกต
650  7 การสอนแบบโครงงาน
650  7 ความคิดและการคิด^xการศึกษาและการสอน
650  7 กิจกรรมการเรียนการสอน
700 0  พเยาว์ ยินดีสุข
700 0  ราเชน มีศรี
710 2  จุฬาลงกรณ์มหาวิทยาลัย.^bภาควิชาหลักสูตร การสอนและเทคโนโลยีการศึกษา
945    ^p120^l0^i019884
995    ทศพร
999 ^a ทศพร
รายการนี้ยังไม่มีแท็ก
คุณยังไม่ได้ล็อกอิน คุณสามารถมีกิจกรรมร่วมกับเว็บไซต์ได้ แต่ต้องล็อกอินก่อน ::
  ล็อกอิน

รายการสื่อสารสนเทศ

ลำดับที่ ประเภท เลขเรียก/บาร์โค้ด สถานที่ สถานะ
- ไม่พบข้อมูล -

รายการใกล้เคียง
    ผู้แต่ง [พิมพันธ์ เดชะคุปต์]

    หัวเรื่อง [การสอนแบบโครงงาน]
    หัวเรื่อง [กิจกรรมการเรียนการสอน]

BibComment


ยังไม่เคยถูกคอมเมนท์

คอมเมนท์ทรัพยากรรายการนี้
  คอมเมนท์: การสอนคิดด้วยโครง..


 Copyright 2026. Bcnsprnw @Library